Library of the University of Algiers 3
Ibrahim Sultan Cheibout
شعار جامعة الجزائر 3
مكتبة جامعة الجزائر 3
إبراهيم سلطان شيبوط

module : langue étrangère (français) / (رقم التسجيلة. 41490)

تفاصيل مارك
000 -LEADER
fixed length control field 01115nam a2200217Ia 4500
003 - CONTROL NUMBER IDENTIFIER
control field Ost
005 - DATE AND TIME OF LATEST TRANSACTION
control field 20260426125804.0
008 - FIXED-LENGTH DATA ELEMENTS--GENERAL INFORMATION
fixed length control field 260426s9999||||xx |||||||||||||| ||und||
040 ## - CATALOGING SOURCE
Transcribing agency fsecg
041 ## - LANGUAGE CODE
Language code of text/sound track or separate title fre
082 ## - DEWEY DECIMAL CLASSIFICATION NUMBER
Classification number 440
100 ## - MAIN ENTRY--PERSONAL NAME
Personal name belatrache, youssef
Relator term Auteur
245 #0 - TITLE STATEMENT
Title module : langue étrangère (français) /
Statement of responsibility, etc. youssef belatrache
260 ## - PUBLICATION, DISTRIBUTION, ETC.
Place of publication, distribution, etc. Alger :
Name of publisher, distributor, etc. Université d'Alger3 Faculté des sciences économiques commerciales et des sciences de gestion,
Date of publication, distribution, etc. 2020
300 ## - PHYSICAL DESCRIPTION
Extent 112 feuil,
Other physical details illustration,
Dimensions 30 cm
504 ## - BIBLIOGRAPHY, ETC. NOTE
Bibliography, etc. note bibliographie feuil 109
520 ## - SUMMARY, ETC.
Summary, etc. systéme économique , fonctionnement du marché et prix , la monnaie l'verture et les politiques économiques , libre-échage et théories de l'échange international , croissance développement économique et dévloppement , principales organisations internationales ( omc, fmi, bm, ocde) , les firmes multinationales l'investissment et les IDE.
653 ## - INDEX TERM--UNCONTROLLED
Uncontrolled term Langue française
710 ## - ADDED ENTRY--CORPORATE NAME
Corporate name or jurisdiction name as entry element Université d'Alger3 Faculté des sciences économiques commerciales et des sciences de gestion
Relator term Éditeur scientifique
942 ## - ADDED ENTRY ELEMENTS (KOHA)
Koha item type مطبوعات
المقتنيات
Withdrawn status Lost status Source of classification or shelving scheme Damaged status Not for loan Home library Current library Date acquired Serial enumeration / chronology Inventory number Total checkouts Full call number Barcode Date last seen Price effective from Koha item type
    Dewey Decimal Classification   NOT LOAN / إعارة داخلية مكتبة كلية العلوم الإقتصادية والعلوم التجارية وعلوم التسيير مكتبة كلية العلوم الإقتصادية والعلوم التجارية وعلوم التسيير 26/04/2026 deuxième étage Po.330-1   Po.330 exp1 Po.330-1 26/04/2026 26/04/2026 مطبوعات

موارد الويب المفتوحة


© University of Algiers 3 All Rights Reserved
|
Implemented by LECHELAH Riad